LEADER 01496nam a2200397 i 4500 001 991000822689707536 005 20020507174031.0 008 940730s1984 de ||| | eng 020 $a3540138730 035 $ab10762048-39ule_inst 035 $aLE01302840$9ExL 040 $aDip.to Matematica$beng 082 0 $a516.36040 084 $aAMS 32E 084 $aAMS 35J 084 $aAMS 53-06 084 $aAMS 53-XX 084 $aAMS 53A 084 $aAMS 53B25 084 $aAMS 53C 084 $aLC QA3 100 1 $aKenmotsu, Katsuei$0150976 245 10$aDifferential geometry of submanifolds :$bproc. of the conf. held at Kyoto, January 23-25, 1984 /$ced. K. Kenmotsu 260 $aBerlin ; New York :$bSpringer-Verlag,$c1984 300 $avi, 132 p. ;$c25 cm. 490 0 $aLecture notes in mathematics,$x0075-8434 ;$v1090 500 $a"Conference on Differential Geometry of Submanifolds at the Research Institute for Mathematical Sciences, Kyoto University, January 23-25, 1984." - Pref. 500 $aIncludes bibliographies and index 650 4$aDifferential geometry$xCongresses 650 4$aSubmanifolds$xCongresses 907 $a.b10762048$b23-02-17$c28-06-02 912 $a991000822689707536 945 $aLE013 53-XX KEN11 (1984)$g1$i2013000002415$lle013$o-$pE0.00$q-$rl$s- $t0$u0$v0$w0$x0$y.i10857424$z28-06-02 996 $aDifferential geometry of submanifolds$9383804 997 $aUNISALENTO 998 $ale013$b01-01-94$cm$da $e-$feng$gde $h0$i1 LEADER 01396nam a2200337 i 4500 001 991000819619707536 005 20020507174007.0 008 940330s1982 ||| ||| | eng 020 $a3540111972 035 $ab10761639-39ule_inst 035 $aLE01302798$9ExL 040 $aDip.to Matematica$beng 082 0 $a516.36 084 $aAMS 58-06 084 $aAMS 81-06 100 1 $aAndersson, Stig I.$046360 245 10$aDifferential geometric methods in mathematical physics :$bClausthal 1980 :$bproceedings of an International conference held at the Technical University of Clausthal, FRG, July 23 - 25, 1980 /$cedited by H.-D. Doebner, S. I. Andersson, and H. R. Petry 260 $aBerlin :$bSpringer-Verlag,$c1982 300 $avi, 309 p. ;$c25 cm. 490 0 $aLecture notes in mathematics,$x0075-8434 ;$v905 500 $aIncludes bibliographies 650 4$aDifferential geometry$xCongresses 650 4$aMathematical physics$xCongresses 700 1 $aDoebner, Heinz-Dietrich 700 1 $aPetry, Herbert Rainer 907 $a.b10761639$b23-02-17$c28-06-02 912 $a991000819619707536 945 $aLE013 58-XX DOE11 (1982)$g1$i2013000028804$lle013$o-$pE0.00$q-$rl$s- $t0$u0$v0$w0$x0$y.i10856912$z28-06-02 996 $aDifferential geometric methods in mathematical physics$9923092 997 $aUNISALENTO 998 $ale013$b01-01-94$cm$da $e-$feng$gxx $h0$i1 LEADER 02219nam 2200565 a 450 001 9910970250903321 005 20240417222522.0 010 $a9780252094088 010 $a0252094085 010 $a9781283994767 010 $a1283994763 035 $a(OCoLC)841170963 035 $a(Au-PeEL)EBL3414180 035 $a(CaPaEBR)ebr10650999 035 $a(CaONFJC)MIL430726 035 $a(OCoLC)923496681 035 $a(CKB)2550000000996666 035 $a(MiAaPQ)EBC3414180 035 $a(Perlego)2440958 035 $a(EXLCZ)992550000000996666 100 $a20111021d2012 uy 0 101 0 $aeng 135 $aur|n|---||||| 181 $ctxt 182 $cc 183 $acr 200 10$aJohn Sayles /$fDavid R. Shumway 205 $a1st ed. 210 $aUrbana $cUniversity of Illinois Press$dc2012 215 $a1 online resource (202 p.) 225 0$aContemporary film directors 300 $aDescription based upon print version of record. 311 08$a9780252078569 311 08$a025207856X 311 08$a9780252036989 311 08$a0252036980 320 $aIncludes bibliographical references, filmography and index. 327 $aJohn Sayles: critical realist -- John Sayles: independent -- John Sayles: realist -- Beginnings: return of the Secaucus seven -- Establishing a career -- Lianna and Baby it's you -- The brother from another planet and Springsteen videos -- Matewan -- Men out -- Place and melodrama: city of hope and passion fish -- Stories -- Lone star -- Men with guns -- Limbo -- Millennial sayles -- Casa de los babys -- Silver city -- Honeydripper. 330 8 $aJohn Sayles is the very paradigm of the contemporary independent filmmaker. By raising much of the funding for his films himself, Sayles functions more independently than most directors. In this study, Shumway examines the defining characteristic of Sayles's cinema: its realism. 410 0$aContemporary Film Directors 676 $a791.4302/33092 676 $aB 700 $aShumway$b David R$0869823 801 0$bMiAaPQ 801 1$bMiAaPQ 801 2$bMiAaPQ 906 $aBOOK 912 $a9910970250903321 996 $aJohn Sayles$94362770 997 $aUNINA LEADER 01312oam 2200409zu 450 001 9910872708503321 005 20241212214817.0 035 $a(CKB)111026746712636 035 $a(SSID)ssj0000455374 035 $a(PQKBManifestationID)12149110 035 $a(PQKBTitleCode)TC0000455374 035 $a(PQKBWorkID)10399705 035 $a(PQKB)11773044 035 $a(NjHacI)99111026746712636 035 $a(EXLCZ)99111026746712636 100 $a20160829d1995 uy 101 0 $aeng 135 $aur||||||||||| 181 $ctxt 182 $cc 183 $acr 200 10$a1995 IEEE International Conference on Systems, Man and Cybernetics 210 31$a[Place of publication not identified]$cIEEE$d1995 215 $a1 online resource (5028 pages) 300 $aBibliographic Level Mode of Issuance: Monograph 311 08$a9780780325593 311 08$a0780325591 606 $aSystems engineering 615 0$aSystems engineering. 676 $a003/.5 712 02$aIEEE, Institute of Electrical and Electronics Engineers, Inc. Staff 712 12$aIEEE International Conference on Systems, Man, and Cybernetics. 801 0$bPQKB 906 $aBOOK 912 $a9910872708503321 996 $a1995 IEEE International Conference on Systems, Man and Cybernetics$92526013 997 $aUNINA